Normal view
MARC view
Entry Topical Term
001 - CONTROL NUMBER
- control field: 4657
003 - CONTROL NUMBER IDENTIFIER
- control field: NLI
005 - DATE AND TIME OF LATEST TRANSACTION
- control field: 20210415125741.0
008 - FIXED-LENGTH DATA ELEMENTS
- fixed length control field: 210415|| aca||aabn | a|a d
040 ## - CATALOGING SOURCE
- Original cataloging agency: NLI
- Transcribing agency: NLI
150 ## - HEADING--TOPICAL TERM
- Topical term or geographic name entry element: Rabha ( Indic people )
670 ## - SOURCE DATA FOUND
- Source citation: Work cat.: (NLI): 880-01 Phukan, Neeva Rani 4656, Rabha social rites and customs:, 2015
